MARC

LEADER 00000nam0a2200000 4500
001 280442
005 20231101235315.0
020 |a RU  |b 86-58628 
035 |a (RuTPU)RU\TPU\book\303751 
090 |a 280442 
100 |a 20141229d1986 k y0rusy5003 ca 
101 0 |a rus 
102 |a UA 
105 |a a z 001zy 
200 1 |a Эффективные литые бетоны  |f Л. И. Дворкин, В. П. Кизима 
210 |a Львов  |c Вища школа  |d 1986 
215 |a 142 с.  |c ил. 
225 1 |a Ученые Украины - народному хозяйству 
320 |a Библиогр.: с. 139-142 (69 назв.) 
606 1 |a Бетон  |2 stltpush  |3 (RuTPU)RU\TPU\subj\28319  |9 51851 
610 1 |a суперпластификаторы 
610 1 |a бетонные смеси 
610 1 |a модификаторы 
610 1 |a твердение 
610 1 |a технологические особенности 
610 1 |a прочностные свойства 
610 1 |a деформативые свойства 
610 1 |a долговечность 
610 1 |a технология 
675 |a 691.327  |z rus  |v 4 
700 1 |a Дворкин  |b Л. И.  |g Леонид Иосифович  |4 070 
701 1 |a Кизима  |b В. П.  |g Владимир Порфирьевич  |4 070 
801 0 |a RU  |b RuMRKP  |c 19950704  |g psbo 
801 1 |a RU  |b 63413507  |c 20141229 
801 2 |a RU  |b 63413507  |c 20170428  |g RCR 
942 |c BK